000 00879cam a2200241 a 4500
001 000001499
005 20200929145611.0
008 810730s1963 uy b 000 0 spa
040 _aDO-SdBNP
_bspa
_cBNPHU
041 1 7 _aspa
_heng
082 _a307.7209813
_bJ94q
100 1 _aJuliao, Francisco,
_d1915-
_94952
240 1 0 _aQue são as ligas camponesas?.
_lportugues
245 1 1 _a¿Qué son las ligas campesinas? /
_cFrancisco Juliao ; traducción de Ana María Chiesa de Rama.
260 _aMontevideo :
_bArca,
_c1963.
300 _a187 p. ;
_c19 cm.
440 0 _aHora de Latinoamérica
_94953
534 _pTítulo original en portugues:
_tQue são as ligas camponesas?
504 _aIncluye referencias bibliográficas
651 4 _aBrasil
_xCondiciones Rurales
_94954
651 4 _aBrasil
_xCondiciones Sociales
_94955
700 1 _aChiesa de Rama, Ana María,
_btr.
_94956
999 _c1405
_d1405